Geografía del hierro y el acero (Registro nro. 6161)

Detalles MARC
000 -LEADER
fixed length control field 00966 a2200205 4500
001 - CONTROL NUMBER
control field 57169
005 - DATE AND TIME OF LATEST TRANSACTION
control field 20260407155834.0
008 - FIXED-LENGTH DATA ELEMENTS--GENERAL INFORMATION
fixed length control field 260407a1968 arg spa d
003 - CONTROL NUMBER IDENTIFIER
control field AR-UNSa-BCEJYS
040 ## - CATALOGING SOURCE
Original cataloging agency AR-UNSa-BCEJYS
Language of cataloging spa
Transcribing agency AR-UNSa-BCEJYS
080 ## - UNIVERSAL DECIMAL CLASSIFICATION NUMBER
Universal Decimal Classification number 669.1
Common auxiliary subdivision Metalurgia del hierro. Siderurgia. Hierro y Acero
100 1# - MAIN ENTRY--PERSONAL NAME
Personal name Pounds, Norman J.G.
245 10 - TITLE STATEMENT
Title Geografía del hierro y el acero
264 #1 - PRODUCTION, PUBLICATION, DISTRIBUTION, MANUFACTURE, AND COPYRIGHT NOTICE
Place of production, publication, distribution, manufacture Barcelona :
Name of producer, publisher, distributor, manufacturer Labor
Date of production, publication, distribution, manufacture, or copyright notice 1968
300 ## - PHYSICAL DESCRIPTION
Extent 205 p.
Dimensions 19 cm.
505 ## - FORMATTED CONTENTS NOTE
Formatted contents note 1. Arte y ciencia de la fabricación del hierro – 2. Los minerales de hierro – 3. Las modernas fábricas de hierro y acero – 4. Reino unido – 5. La industria del hierro y el acero de Europa occidental – 6. La industria del hierro y el acero en Estados Unidos y Canadá – 7. La industria del hierro y el acero en la esfera soviética – 8. Los países subdesarrollados
590 ## - LOCAL NOTE (RLIN)
Local note niveau_biblio:m niveau_hierar:0
700 1# - ADDED ENTRY--PERSONAL NAME
Personal name Abdal Montal, Joaquín
942 ## - ADDED ENTRY ELEMENTS (KOHA)
Koha item type
Existencias
Withdrawn status Lost status Damaged status Not for loan Home library Current library Shelving location Date acquired Total checkouts Full call number Barcode Date last seen Price effective from Koha item type
        Biblioteca Prof. Eusebio Cleto del Rey Biblioteca Prof. Eusebio Cleto del Rey   07/04/2026   669.1 P872 L21856 07/04/2026 07/04/2026 Libro